000
00320 a2200109 4500
001
ART_48487
005
20260410161631.0
008
260409a
245
1
0
_a
Bancos y mercados de capitales. La arquitectura del sistema
100
1
_a
Elespe, Douglas
773
0
_t
Enfoques
_g
- N°2 (feb. 2019)
_w
REV416
999
_c
12449
_d
12449